000 00538nam a2200193Ia 4500
005 20250326142245.0
008 250326s9999 xx 000 0 und d
020 _a0-415-09823-8
037 _aTextbook
040 _aFMSL
_beng
_cFMSL
041 _aeng
_2eng
084 _aX:72.1 N4
_qFMSL
100 _aArgy Victor
245 0 _aInternational macroeconomics : theory and policy
_cArgy Victor
260 _aLondon
_bLondon, Routledge
_c1994
300 _axii,654
942 _cTB
_hX:72.1 N4
999 _c1294165
_d1294165